Viajes en México : crónicas extranjeras, 1821-1855 /
El estudio se realizó utilizando únicamente los testimonios de viajeros diversos, con intereses y nacionalidades dispares para poner de relieve el estado de las carreteras durante el siglo pasado.
Gorde:
| Egile nagusia: | |
|---|---|
| Beste egile batzuk: | |
| Formatua: | Liburua |
| Hizkuntza: | gaztelania |
| Argitaratua: |
México :
Secretaría de Obras Públicas,
1974, c1964
|
| Gaiak: | |
| Etiketak: |
Etiketarik gabe, Izan zaitez lehena erregistro honi etiketa jartzen!
|
MARC
| LEADER | 00000nam^a2200000^a^4500 | ||
|---|---|---|---|
| 001 | 000128180 | ||
| 005 | 20250521000000.0 | ||
| 009 | 20260310094827.168 | ||
| 037 | |a Acervo ITESO - Biblioteca | ||
| 041 | |a ESP | ||
| 082 | |a 972. 04 |b GLA | ||
| 100 | |a Glantz, Margo |e (selección) | ||
| 245 | 1 | 0 | |a Viajes en México : |b crónicas extranjeras, 1821-1855 / |c Selec., introd. y tr. por M. Glantz ; il. de A. Beltrán. |
| 264 | 4 | |a México : |b Secretaría de Obras Públicas, |c 1974, c1964 | |
| 300 | |a 499 p. | ||
| 336 | |a texto |b txt |2 rdacontenido | ||
| 337 | |a sin mediación |b n |2 rdamedio | ||
| 338 | |a volumen |b nc |2 rdasoporte | ||
| 520 | |a El estudio se realizó utilizando únicamente los testimonios de viajeros diversos, con intereses y nacionalidades dispares para poner de relieve el estado de las carreteras durante el siglo pasado. | ||
| 649 | |a XX | ||
| 650 | |a Exploradores y Viajeros | ||
| 650 | |a Viajes y Travesías - |z México | ||
| 650 | |a México - |x Historia - |y Guerra de Independencia, 1810-1821 | ||
| 650 | |a México - |x Historia - |y Regencia e Imperio, 1821-1823 | ||
| 650 | |a México - |x Historia - |y Poder Ejecutivo, 1823-1824 | ||
| 650 | |a México - |x Historia - |y Federalismo y Centralismo, 1824-1853 | ||
| 650 | |a México - |x Historia - |y Dictadura, 1853-1855 | ||
| 650 | |a México - |x Historia - |y Siglo XIX | ||
| 700 | |a Beltrán, Alberto |e (ilustración) | ||
| 910 | |a Fondo Salvador Reynoso Reynoso | ||
| 920 | |a Impresos - Libros | ||
| 930 | |a Fondos Especiales | ||
| 905 | |a 112 | ||
| 901 | |a 0800010144 |b IT2 |c ESP |u 20250521 | ||
| 902 | |a https://opac.biblio.iteso.mx/vufind/Record/000128180 | ||